000 00271nam a2200109 4500
008 160704b xxu||||| |||| 00| 0 eng d
100 _91976
_a Kacker, L
245 _aRace to Win
260 _aN.D
_b Children Book Trust
_c2004
300 _aRace to Win
942 _2ddc
_cBK
999 _c1677
_d1677